000 00574nam a2200169 4500
001 135838
003 ES-MaACL
005 20230906194953.0
007 t|
008 070214s1972 sp r ||||1| spa d
100 1 _aRousseau, Jean-Jacques.
_9100055
245 1 0 _aDiscurso sobre el origen de la desigualdad entre los hombres /
_cJean-Jacques Rousseau ; traducción, prólogo y notas de Jesús Castellote.
260 _aMadrid :
_bMiguel Castellote,
_c1972.
300 _a151 p. ;
_c17 cm.
700 1 _aCastellote, Jesús.
_936576
852 _aES-MaACL
_jC-43920
_bR.82967
999 _c135838
_d135838